Boroughs and Townships of Chester County, Pennsylvania. - Statistics

General Stats
  • This quiz has been taken 29 times
  • The average score is 22 of 82
Answer Stats
Town % Correct
West Chester
76%
Downingtown
65%
Kennett
59%
Oxford
59%
Coatesville (City)
53%
Coatesville
47%
Kennett Square
47%
Malvern
47%
West Whiteland
47%
East Brandywine
41%
East Goshen
41%
East Whiteland
41%
Uwchlan
41%
West Brandywine
41%
West Goshen
41%
Atglen
35%
Caln
35%
Easttown
35%
Elverson
35%
Honey Brook
35%
Phoenixville
35%
Upper Uwchlan
35%
Avondale
29%
East Fallowfield
29%
East Marlborough
29%
East Nantmeal
29%
Elk
29%
Lower Oxford
29%
Marlborough
29%
Modena
29%
South Coventry
29%
Upper Oxford
29%
Warwick
29%
West Caln
29%
West Fallowfield
29%
West Nantmeal
29%
Willistown
29%
Birmingham
24%
Brandywine
24%
East Caln
24%
East Pikeland
24%
East Vincent
24%
Fallowfield
24%
Goshen
24%
Nantmeal
24%
North Coventry
24%
Schuylkill
24%
South Coatesville
24%
Spring City
24%
Wallace
24%
West Marlborough
24%
Westtown
24%
West Vincent
24%
Whiteland
24%
East Coventry
18%
East Nottingham
18%
Highland
18%
London Britian
18%
Parkesburg
18%
Penn
18%
Tredyffrin
18%
Valley
18%
West Bradford
18%
West Grove
18%
West Nottingham
18%
West Pikeland
18%
West Sadsbury
18%
Bradford
12%
Charlestown
12%
East Bradford
12%
Londonderry
12%
London Grove
12%
New Garden
12%
New London
12%
Pennsbury
12%
Pikeland
12%
Pocopson
12%
Sadsbury
12%
Thornbury
12%
Hopewell
6%
Nottingham
6%
Vincent
6%
No matching quizzes found
Score Distribution
Percent of People with Each Score
Percentile by Number Answered
Your Score History
You have not taken this quiz